Radiohead Antonyms - Statistics

General Stats
  • This quiz has been taken 49 times
  • The average score is 8 of 12
Answer Stats
Hint Answer % Correct
Unlucky Lucky
97%
Nothing I Require All I Need
92%
Pessimistic Optimistic
92%
Nobody Can Play Trombone Anyone Can Play Guitar
89%
Dressed Nude
86%
Freeze The Saint Burn The Witch
81%
Descending Down The Ceiling Climbing Up The Walls
81%
Entrance Silence Exit Music (For a Film)
73%
Wake Up Go To Sleep
70%
Wither Bloom
35%
Rational Apple Paranoid Android
24%
Former Times Present Tense
24%
No matching quizzes found
Score Distribution
Percent of People with Each Score
Percentile by Number Answered
Your Score History
You have not taken this quiz